[Event "Pedavena op-A 2nd"]
[Site "Pedavena"]
[Date "2006.08.02"]
[Round "2"]
[White "Rezzuti, Vincenzo"]
[Black "Gamberini, Davide"]
[Result "0-1"]
[WhiteElo "2045"]
[BlackElo "1853"]
[PlyCount "36"]
[EventDate "2006.08.01"]
[EventType "swiss"]
[EventRounds "7"]
[EventCountry "ITA"]
[SourceTitle "EXT 2023"]
[Source "ChessBase"]
[SourceDate "2022.10.05"]
[SourceVersion "1"]
[SourceVersionDate "2022.10.05"]
[SourceQuality "1"]

1. e4 d5 2. d4 dxe4 3. Nc3 Nf6 4. f3 exf3 5. Nxf3 Bg4 6. Bc4 e6 7. Be3 Bb4 8. 0-0 0-0 9. Bb3 Nbd7 10. Qe1 c5 11. Qf2 Bxc3 12. bxc3 Ne4 13. Qe1 Qa5 14. Qh4 Bxf3 15. Rxf3 Qxc3 16. Raf1 Nd2 17. Bxd2 Qxd2 18. Rh3 Qxd4+ 0-1